Normal view
MARC view
- Hernández Ortiz, Francisco
Entry Nombre Personal
001 - NUMERO DE CONTROL
- campo de control: 33513
003 - IDENTIFICADOR DE NUMERO DE CONTROL
- campo de control: MX-MxUPN
005 - FECHA Y HORA DE LA ÜLTIMA TRANSACCIÓN
- campo de control: 20220214153305.0
008 - DATOS DE LONGITUD FIJA
- campo de control de longitud fija: nabaccnnaabn|||||||||| b |nc|||||d
035 ## - NUMERO DE CONTROL
- Número de control: UPN11000005620
040 ## - FUENTE DE CATALOGACIÓN
- Agencia original de catalogación: MX-MxUPN
- Lenguaje de catalogación: spa
- Agencia de transcripción: MX-MxUPN
100 1# - ENCABEZAMIENTO - NOMBRE PERSONAL
- Nombre personal: Hernández Ortiz, Francisco
670 ## - FUENTE EN LA QUE SE LOCALIZARON DATOS
- Cita de la fuente: La educación en San Luis Potosí: maestros, gobierno, sindicatos y otros actores educativos de 1876-1960, 2018:
- Información localizada: portada (Francisco Hernández Ortiz)
678 ## - DATOS BIOGRÁFICOS O HISTÓRICOS
- Biographical or historical data: Doctor en Humanidades y Artes por la Universidad Autónoma de Zacatecas. Maestro en Educación con Especialidad en Humanidades por el ITAM. Profesor perfil PROMEP reconocido por el Programa del Mejoramiento del Profesorado de la Subsecretaría de Educación Superior, SEP. Desarrolla proyectos de investigación en las líneas de Historia de la Educación, procesos de formación docente, problemas del lenguaje y la comunicación.
902 ## - CATALOGADOR
- Catalogador: BDV/080512
